Кортес и его капитаны (Запись № 98798)

Подробности
000 -МАРКЕР
контрольное поле 01496nam0a2200361 4500
001 - ИДЕНТИФИКАТОР ЗАПИСИ
контрольное поле RU\NLR\bibl\1228153
005 - ИДЕНТИФИКАТОР ВЕРСИИ
контрольное поле 20260405134120.0
010 ## - МЕЖДУНАРОДНЫЙ СТАНДАРТНЫЙ НОМЕР КНИГИ (ISBN)
Номер (ISBN) 978-5-9680-0061-3
Тираж 3000
035 ## - ДРУГИЕ СИСТЕМНЫЕ НОМЕРА
Идентификатор записи (NLR Aleph) 001214444
100 ## - ДАННЫЕ ОБЩЕЙ ОБРАБОТКИ
Данные общей обработки 20080519d2007 |||y0rusy50 ca
101 0# - ЯЗЫК РЕСУРСА
Язык текста, звукозаписи и т.д. русский
102 ## - СТРАНА ПУБЛИКАЦИИ ИЛИ ПРОИЗВОДСТВА
Страна публикации Российская Федерация
105 ## - ПОЛЕ КОДИРОВАННЫХ ДАННЫХ: ТЕКСТОВЫЕ МАТЕРИАЛЫ, МОНОГРАФИЧЕСКИЕ
Кодированные данные о монографическом текстовом документе a |||||||||
200 1# - ЗАГЛАВИЕ И СВЕДЕНИЯ ОБ ОТВЕТСТВЕННОСТИ
Основное заглавие Кортес и его капитаны
Первые сведения об ответственности Андрей Кофман
210 ## - ПУБЛИКАЦИЯ, РАСПРОСТРАНЕНИЕ И ДР.
Место издания, распространения и т.д. Москва
Имя издателя, распространителя и т. д. Пан пресс
Дата издания, распространения и т.д. 2007
215 ## - ФИЗИЧЕСКАЯ ХАРАКТЕРИСТИКА
Специфическое обозначение материала и объем 330, [3] с.
Другие сведения о физической характеристике ил., портр., карт.
Размеры 27
300 ## - ОБЩИЕ ПРИМЕЧАНИЯ
Текст примечания На 4-й с. обл. авт.: Кофман А.Ф. - д.филол.н., лауреат нац. премии в обл. дет. лит.
320 ## - ПРИМЕЧАНИЯ О НАЛИЧИИ В ДОКУМЕНТЕ БИБЛИОГРАФИИ / УКАЗАТЕЛЯ
Текст примечания Библиогр.: с. 329-331 и в подстроч. прим.
320 ## - ПРИМЕЧАНИЯ О НАЛИЧИИ В ДОКУМЕНТЕ БИБЛИОГРАФИИ / УКАЗАТЕЛЯ
Текст примечания Др. произведения авт. на 4-й с. обл.
600 #1 - ИМЯ ЛИЦА КАК ПРЕДМЕТ
Начальный элемент ввода Кортес
Часть имени, кроме начального элемента ввода Ф.
Даты 1485 - 1547
Расширение инициалов личного имени Фернандо
Системный номер авторитетной/нормативной записи 1615903
Идентификатор авторитетной/нормативной записи RU\NLR\auth\66712525
607 ## - ГЕОГРАФИЧЕСКОЕ НАИМЕНОВАНИЕ КАК ПРЕДМЕТ
Географическое наименование Америка
Тематический подзаголовок Открытие и исследования испанцами
Системный номер авторитетной/нормативной записи 2438460
Идентификатор авторитетной/нормативной записи RU\NLR\auth\661450840
686 ## - ИНДЕКСЫ ДРУГИХ КЛАССИФИКАЦИЙ
Индекс Д8д(3)Кортес
686 ## - ИНДЕКСЫ ДРУГИХ КЛАССИФИКАЦИЙ
Индекс Д890(7)023
686 ## - ИНДЕКСЫ ДРУГИХ КЛАССИФИКАЦИЙ
Индекс Т3(7)4-05
700 #1 - ИМЯ ЛИЦА - ПЕРВИЧНАЯ ОТВЕТСТВЕННОСТЬ
Начальный элемент ввода Кофман
Часть имени, кроме начального элемента ввода А. Ф.
Расширение инициалов личного имени Андрей Федорович
Код отношения Автор
702 #1 - ИМЯ ЛИЦА - ВТОРИЧНАЯ ОТВЕТСТВЕННОСТЬ
Код отношения Прочие
Графика поля Кириллица
Материалы, к которым относится поле rus
Начальный элемент ввода Кортес
Часть имени, кроме начального элемента ввода Э.
Даты 1485-1547
Расширение инициалов личного имени Эрнан
Системный номер авторитетной/нормативной записи 37617
Идентификатор авторитетной/нормативной записи RU\NLR\auth\7754685
801 #0 - ИСТОЧНИК ЗАПИСИ
Страна Российская Федерация
Организация NLR
Дата составления 20080519
Правила каталогизации RCR
801 #1 - ИСТОЧНИК ЗАПИСИ
Страна Российская Федерация
Организация NLR
Дата составления 20080519
830 ## - ОБЩЕЕ ПРИМЕЧАНИЕ, СОСТАВЛЕННОЕ КАТАЛОГИЗАТОРОМ
Текст примечания Авт. по кн.
942 ## - ДОПОЛНИТЕЛЬНЫЕ ЭЛЕМЕНТЫ ЗАПИСИ (АБИС)
Тип экземпляра АБИС Книга
980 ## - КОЛЛЕКЦИЯ
Название коллекции Национальная библиография
Экземпляры
Тип экземпляра Дата поступления Источник поступления Стоимость Библиотека постоянного хранения Библиотека текущего хранения Место хранения Шифр хранения Штрих-код Статус экземпляра
Книга 19.05.2008 Покупка 240.00 РНБ (Московский) РНБ (Московский) Русский книжный фонд: издания с 1957 года 2008-7/3027 1-3132236  
Книга 14.07.2010 Покупка СТ 184.50 РНБ (Московский) РНБ (Московский) Русский книжный фонд: издания с 1957 года 2008-7/3027 3213120  
Книга 15.03.2011 Покупка СТ 280.00 РНБ (Фонтанка) РНБ (Фонтанка) Юношеский читальный зал Ю Д8г(3)д Кортес/К-74 1-546981